Statistiken für Deutsche Großstädte 2018

Klicken Sie hier um das Quiz zu spielen!

Allgemein

  • Dieses Quiz wurde 61 mal gespielt
  • Das Durchschnittsergebnis liegt bei 65 aus 81

Antwortstatistiken

HintAntwort% Korrekt
587.010Dortmund
100%
554.649Dresden
100%
1.841.179Hamburg
100%
1.085.664Köln
100%
1.471.508München
100%
3.644.826Berlin
98%
569.352Bremen
98%
619.294Düsseldorf
98%
753.056Frankfurt
98%
247.548Kiel
98%
518.365Nürnberg
98%
634.830Stuttgart
98%
498.590Duisburg
96%
583.109Essen
96%
238.697Magdeburg
96%
587.857Leipzig
94%
247.380Aachen
91%
364.628Bochum
91%
213.699Erfurt
91%
538.068Hannover
91%
314.319Münster
91%
178.089Potsdam
91%
208.886Rostock
91%
295.135Augsburg
89%
327.258Bonn
89%
247.237Chemnitz
89%
164.748Osnabrück
89%
150.580Paderborn
89%
278.342Wiesbaden
89%
230.241Freiburg
87%
260.654Gelsenkirchen
87%
111.407Jena
87%
313.092Karlsruhe
87%
201.585Kassel
87%
217.198Lübeck
87%
168.210Oldenburg
87%
248.292Braunschweig
85%
239.257Halle (Saale)
85%
171.061Ludwigshafen
85%
217.118Mainz
85%
309.370Mannheim
85%
180.741Saarbrücken
85%
333.786Bielefeld
83%
261.454Mönchengladbach
83%
354.382Wuppertal
83%
136.981Ingolstadt
81%
152.610Regensburg
81%
126.329Ulm
81%
124.151Wolfsburg
81%
159.207Darmstadt
79%
127.748Fürth
79%
210.829Oberhausen
79%
110.636Trier
79%
113.634Bremerhaven
77%
119.801Göttingen
77%
160.355Heidelberg
77%
114.024Koblenz
77%
127.880Würzburg
77%
188.814Hagen
72%
227.020Krefeld
70%
163.838Leverkusen
70%
128.744Offenbach
70%
112.267Recklinghausen
70%
179.111Hamm
68%
125.960Heilbronn
68%
111.962Erlangen
66%
100.219Cottbus
64%
156.374Herne
64%
101.990Hildesheim
62%
159.360Solingen
62%
103.725Moers
60%
111.966Bergisch Gladbach
57%
153.796Neuss
57%
125.542Pforzheim
57%
115.966Reutlingen
57%
110.994Remscheid
49%
104.948Salzgitter
47%
117.383Bottrop
45%
100.194Gütersloh
45%
170.880Mülheim
45%
102.836Siegen
45%

Verteilung der Resultate

Perzentil nach korrekt beantworteten Fragen

Anzahl Personen mit jedem Resultat

Ihre Resultats-Entwicklung

Sie haben dieses Quiz noch nicht gespielt